000 00273nam a2200109Ia 4500
008 190216s9999||||xx |||||||||||||| ||und||
100 _aBhattathirippadu
245 0 _aV T Yude Thiranjedutha Upanyasangal
260 _bNbs Kottayam
650 _aEssay Malayalam
942 _cBK
999 _c25386
_d25386